Developing Educators for The Digital Age (Record no. 25774)
[ view plain ]
| 000 -LEADER | |
|---|---|
| fixed length control field | 00759nam a2200121Ia 4500 |
| 008 - FIXED-LENGTH DATA ELEMENTS--GENERAL INFORMATION | |
| fixed length control field | 220620s9999||||xx |||||||||||||| ||und|| |
| 100 ## - MAIN ENTRY--PERSONAL NAME | |
| Personal name | Breen, Paul |
| 245 #0 - TITLE STATEMENT | |
| Title | Developing Educators for The Digital Age |
| Remainder of title | A Framework for Capturing Knowledge in Action |
| 546 ## - LANGUAGE NOTE | |
| Language note | English[eng] |
| 650 ## - SUBJECT ADDED ENTRY--TOPICAL TERM | |
| Topical term or geographic name entry element | communities of practice||digital technologies||tpack||knowledge capture||teacher development||english for academic purposes||Focus group||Higher education||Interactive whiteboard||IPad||Moodle||Pedagogy||Virtual learning environment |
| 856 ## - ELECTRONIC LOCATION AND ACCESS | |
| Uniform Resource Identifier | <a href="https://library.oapen.org/bitstream/20.500.12657/30606/1/645081.pdf||https://library.oapen.org/bitstream/20.500.12657/30606/1/645081.pdf||https://library.oapen.org/bitstream/20.500.12657/30606/1/645081.pdf">https://library.oapen.org/bitstream/20.500.12657/30606/1/645081.pdf||https://library.oapen.org/bitstream/20.500.12657/30606/1/645081.pdf||https://library.oapen.org/bitstream/20.500.12657/30606/1/645081.pdf</a> |
| 942 ## - ADDED ENTRY ELEMENTS (KOHA) | |
| Koha item type | E-Books |
| Withdrawn status | Lost status | Damaged status | Not for loan | Home library | Current library | Date acquired | Total Checkouts | Date last seen | Price effective from | Koha item type |
|---|---|---|---|---|---|---|---|---|---|---|
| Kerala University of Digital Sciences, Innovation and Technology Knowledge Centre | Kerala University of Digital Sciences, Innovation and Technology Knowledge Centre | 20/06/2022 | 20/06/2022 | 20/06/2022 | E-Books |